Obras completas. (Record no. 131046)

MARC details
000 -LEADER
campo de control de longitud fija 00818nam a2200217 i 4500
001 - NÚMERO DE CONTROL
campo de control 131046
003 - IDENTIFICADOR DE NÚMERO DE CONTROL
campo de control ES-MaACL
005 - FECHA Y HORA DE LA ÚLTIMA TRANSACCIÓN
campo de control 20250822162347.0
007 - CAMPO FIJO DE DESCRIPCIÓN FÍSICA--INFORMACIÓN GENERAL
campo de control de longitud fija t|
008 - DATOS DE LONGITUD FIJA--INFORMACIÓN GENERAL
campo de control de longitud fija 070214s1963 sp r ||||1| spa d
100 1# - ENTRADA PRINCIPAL--NOMBRE DE PERSONA
Nombre de persona Roberts, Cecil.
9 (RLIN) 97826
245 10 - MENCIÓN DEL TÍTULO
Título Obras completas.
Número de parte o sección de la obra , . III.
260 ## - PUBLICACIÓN, DISTRIBUCIÓN, ETC.
Lugar de publicación, distribución, etc. Barcelona :
Nombre del editor, distribuidor, etc. Caralt,
Fecha de publicación, distribución, etc. 1963.
300 ## - DESCRIPCIÓN FÍSICA
Extensión 1 v. ;
Dimensiones 24 cm.
505 8# - NOTA DE CONTENIDO CON FORMATO
Nota de contenido con formato Contiene: Amor difícil / [versión española de Domingo Manfredi] . Aventura en Moscú / versión española de Guillermo Marigo Petit . Los huéspedes llegan / [versión española de Jacinto León] . Solos contra el mundo
700 1# - ENTRADA AGREGADA--NOMBRE PERSONAL
Nombre de persona Manfredi Cano, Domingo,
Fechas asociadas al nombre 1918-1998
9 (RLIN) 75997
700 1# - ENTRADA AGREGADA--NOMBRE PERSONAL
Nombre de persona Marigó-Petit, Guillermo.
9 (RLIN) 76725
700 1# - ENTRADA AGREGADA--NOMBRE PERSONAL
Nombre de persona León, Jacinto.
9 (RLIN) 71575
852 ## - LOCALIZACIÓN
Ubicación ES-MaACL
Número de control de estantería P-667-bis
Sublocalización o colección R.51978
Holdings
Estatus retirado Estado de pérdida Estado de daño No para préstamo Biblioteca de origen Biblioteca actual Ubicación en estantería Fecha de adquisición Fuente de adquisición Total de préstamos Signatura topográfica completa Código de barras Visto por última vez Precio de reemplazo Tipo de ítem Koha
        Biblioteca del Ateneo de Madrid Biblioteca del Ateneo de Madrid Depósito 2 17/01/2008     P-667-bis 1136434 23/02/2023 23/02/2023 Libro impreso